|
|
|
|
| LEADER |
00789nmm a2200229 a 4500 |
| 001 |
0000076107 |
| 005 |
20080211090000.0 |
| 040 |
|
|
|a mod
|
| 041 |
|
|
|a eng
|
| 020 |
0 |
0 |
|a 0321213521
|
| 090 |
0 |
0 |
|a 006.686
|b WIL
|e 2004
|
| 100 |
1 |
0 |
|a Willmore
|h Ben.
|
| 245 |
1 |
0 |
|a Adobe Photoshop CS studio techniques
|c Ben Willmore
|
| 260 |
0 |
0 |
|a Berkeley, CA
|b Peachpit Press
|c 2004.
|
| 300 |
0 |
0 |
|a xx, 697 p.
|b ill. (chiefly col.)
|c 23 cm. + 1 CD-ROM (4 3/4 in.)
|
| 500 |
0 |
0 |
|a System requirements: Macintosh/Windows.
|
| 500 |
0 |
0 |
|a Includes index.
|
| 650 |
0 |
0 |
|a Computer graphics
|
| 650 |
0 |
0 |
|a Adobe Photoshop
|
| 852 |
0 |
0 |
|a 01
|
| 999 |
|
|
|a 02233
|b KEMENTAH
|d COMPACT DISC
|e Sumber Media
|f Perpustakaan KEMENTAH
|j AVAILABLE
|q GOOD CONDITION
|
| 999 |
|
|
|a 0238494
|b KEMENTAH
|d BOOKS
|e Umum
|f Perpustakaan KEMENTAH
|j AVAILABLE
|q GOOD CONDITION
|